00516nam a2200169Ia 450000500170000000800410001702000150005808200130007310000180008624500540010426000370015830000120019565000200020794200060022795200980023399900150033120250430043926.0240331s9999 xx 000 0 und d a9559595229 bWEEa891 aWeerasinghe,T 0aAdaraneeya deviyanwahanse saha andhakara rathriya aNugegodabPiyasri Printersc1999 a87 p ., aSinhala Fiction cL 001040708LaWERCLbWERCLcSSCd2024-03-31l0o 891.48 WEEp2903r2024-03-31w2024-03-31yL c4886d4886